000 00279nam a2200109 4500
245 _aPioneers
_cby J.Fenimoer Cooper
100 _aCooper, J. Fenimore
260 _aLondon
_bDent
_c1907
300 _axix,444p.; 18cm.-
490 _aEveryman's Library; no.171
082 _a813.2
_bCOO/WIL
999 _c1764
_d1764